| 000 | 00817nam a2200241 i 4500 | ||
|---|---|---|---|
| 001 | 180711 | ||
| 003 | ES-MaACL | ||
| 005 | 20250623173238.0 | ||
| 008 | 120627q1956 sp a |||| |dspa d | ||
| 080 | _a75 Zurbarán | ||
| 100 | 1 |
_aLojendio, Andrés. _9150745 |
|
| 245 | 1 | 0 |
_aZurbarán / _cAndrés Lojendio ; portada de Coli [i.e. Coll] ; ilustraciones de Chaco. |
| 260 |
_aBarcelona : _bEdiciones G.P., _c[ca. 1956] |
||
| 300 |
_a64 p. : _bil. ; _c11 cm. |
||
| 490 | 1 |
_aEnciclopedia pulga ; _v252 |
|
| 594 | _aEn cub. y lomo: Andrés Logendio. | ||
| 600 | 1 | 4 |
_aZurbarán, Francisco de, _d1598-1664 _9240980 |
| 700 | 1 |
_aColl, Alejandro. _939607 |
|
| 700 | 1 |
_aChacopino Fabre, Joaquín. _9150736 |
|
| 830 | 1 |
_aEnciclopedia pulga ; _v252 _9191296 |
|
| 852 | 4 |
_aES-MaACL _j2311-F-21 |
|
| 999 |
_c180711 _d180711 |
||